Gilmore Girls Characters By Picture - Statistics

General Stats
  • This quiz has been taken 545 times
  • The average score is 15 of 16
Answer Stats
Picture Answer % Correct
Rory Gilmore
100%
Dean Forester
98%
Luke Danes
98%
Jess Mariano
97%
Emily Gilmore
96%
Lorelai Gilmore
96%
Paris Geller
96%
Richard Gilmore
96%
Logan Huntzberger
94%
Lane Kim
93%
Sookie St.James
93%
Kirk Gleason
88%
Miss Patty
86%
Jackson Belleville
82%
Babette Dell
78%
Dave Rygalski
70%
No matching quizzes found
Score Distribution
Percent of People with Each Score
Percentile by Number Answered
Your Score History
You have not taken this quiz